Statistics for Top 15 Countries with Covid-19 Cases - 9 June 2021

Click here to take the quiz!

General Stats

  • This quiz has been taken 17 times
  • The average score is 18 of 29

Answer Stats

total
cases
daily
gain
rate per
million
country% Correct
5,725,492
555787,340France
100%
3,715,8703275Germany
100%
34,260,92314,200102,939United States
100%
29,182,07293,896India
94%
5,156,25010,407Russia
94%
4,535,4267540United Kingdom
94%
3,724,8354427Spain
88%
4,237,7892198Italy
81%
2,438,0113449Mexico
81%
17,125,35787,097Brazil
75%
4,038,52829,757Argentina
69%
88,592Argentina
69%
2,876,285424Poland
69%
92,134Belgium
63%
3,635,83524,233Colombia
63%
97,117Netherlands
63%
106,583Sweden
63%
5,306,6906454Turkey
56%
2,990,71410,598Iran
50%
155,150Czechia
44%
90,026Israel
44%
87,730Croatia
38%
123,080Slovenia
38%
87,819Panama
31%
93,638Uruguay
31%
103,116Lithuania
25%
145,111Bahrain
19%
98,171Estonia
19%
88,210Georgia
19%

Score Distribution

Percentile by Number Answered

Percent of People with Each Score

Your Score History

You have not taken this quiz